Statistics for Seattle Kraken Roster

Click here to take the quiz!

General Stats

  • This quiz has been taken 29 times
    (13 since last reset)
  • The average score is 16 of 23

Answer Stats

PositionAnswer% Correct
DefensemanAdam Larsson
100%
DefensemanJamie Oleksiak
100%
GoaltenderJoey Daccord
100%
Right WingJordan Eberle
100%
GoaltenderPhilipp Grubauer
100%
DefensemanBrian Dumoulin
86%
CenterJared McCann
86%
Right WingKailer Yamamoto
86%
CenterMatthew Beniers
86%
Right WingOliver Bjorkstrand
86%
DefensemanVince Dunn
86%
CenterYanni Gourde
86%
Right WingEeli Tolvanen
71%
CenterJaden Schwartz
71%
Left WingBrandon Tanev
57%
Left WingPierre-Édouard Bellemare
57%
Left WingTomáš Tatar
57%
Left WingTye Kartye
57%
DefensemanWilliam Borgen
57%
DefensemanJustin Schultz
43%
DefensemanRyker Evans
43%
Left WingAndré Burakovsky
14%
CenterDevin Shore
14%

Score Distribution

Percentile by Number Answered

Percent of People with Each Score

Your Score History

You have not taken this quiz since the last reset